000 00580cam a22002291 4500
001 sa 67006991
003 DLC
005 20260227112412.0
008 890405m19679999xx 000 0 beno
010 _asa 67006991
035 _a(OCoLC)23572015
040 _aDLC
_cMiU
_dDLC
043 _an-cn---
050 0 0 _aG480
_b.C5
100 1 _aChatterjee, Sudhananda,
_d1912-
245 1 0 _aPrthibī parikramā.
260 _c[1967-]
300 _av.
_c23 cm.
500 _aRomanized.
651 0 _aCanada
_xDescription and travel.
651 0 _aEast Asia
_xDescription and travel.
999 _c76273
_d76273